| 000 | 00413nam a2200145Ia 4500 | ||
|---|---|---|---|
| 008 | 230917s9999||||xx |||||||||||||| ||und|| | ||
| 040 |
_e204834 _aMAIN |
||
| 041 | _aEnglish | ||
| 082 | _a373 A55S | ||
| 100 | _aAnita | ||
| 245 | 0 | _aStudy of perceived influence of internet use on social competence emotional maturity and general well- being of adolescents | |
| 260 | _c2011 | ||
| 300 | _a390 p. | ||
| 942 | _cTH | ||
| 999 |
_c125648 _d125648 |
||